Central Library OPAC University of Rajshahi

Bizna : (Record no. 33364)

MARC details
000 -LEADER
fixed length control field 00942nam a2200277 a 4500
001 - CONTROL NUMBER
control field 33364
003 - CONTROL NUMBER IDENTIFIER
rucl marc code BD-RjUL
005 - DATE AND TIME OF LATEST TRANSACTION
control field 20211209052008.0
008 - FIXED-LENGTH DATA ELEMENTS--GENERAL INFORMATION
fixed length control field 140507s1983 bg b 001 0 eng d
035 ## - SYSTEM CONTROL NUMBER
System control number (BD-RjUL)33455
040 ## - CATALOGING SOURCE
Original cataloging agency DLC
Transcribing agency DLC
Modifying agency DLC
-- BD-RjUL
Language of cataloging eng
041 ## - LANGUAGE CODE
Language code of text/sound track or separate title eng
082 00 - DEWEY DECIMAL CLASSIFICATION NUMBER
Classification number 320.80954922
Edition number 19
Author mark and year AHB 1983
100 2# - MAIN ENTRY--PERSONAL NAME
Personal name Sharfuddin Ahmed, A. B.
9 (RLIN) 101272
245 00 - TITLE STATEMENT
Title Bizna :
Remainder of title a study of power-structure in contemporary rural Bangladesh /
Statement of responsibility, etc. A.B. Sharfuddin Ahmed.
260 ## - PUBLICATION, DISTRIBUTION, ETC. (IMPRINT)
Place of publication, distribution, etc. Dhaka, Bangladesh :
Name of publisher, distributor, etc. Bangladesh Books International,
Date of publication, distribution, etc. 1983.
300 ## - PHYSICAL DESCRIPTION
Pagination x, 224 p. ;
Size 23 cm.
500 ## - GENERAL NOTE
General note Revision of the author's thesis (Ph. D.--University of Bombay, 1979)
General note Includes index.
504 ## - BIBLIOGRAPHY, ETC. NOTE
Bibliography, etc Bibliography: p. [203]-214. and Index
650 #0 - SUBJECT ADDED ENTRY--TOPICAL TERM
Topical term or geographic name as entry element Villages
Geographic subdivision Bangladesh
-- Comilla.
9 (RLIN) 101273
Topical term or geographic name as entry element Community power.
9 (RLIN) 16825
942 ## - ADDED ENTRY ELEMENTS (KOHA)
Source of classification or shelving scheme Dewey Decimal Classification
Koha item type Books
Holdings
Lost status Source of classification or shelving scheme Damaged status Not for loan Collection code Permanent Location Current Location Shelving location Date acquired Source of acquisition Cost, normal purchase price Total Checkouts Full call number Date last seen Copy number Koha item type
  Dewey Decimal Classification   Not For Loan Non-fiction Central Library, University of Rajshahi Central Library, University of Rajshahi Reading Room 16/06/1984 B. N. C. C 65.00   320.80954922 AHB 1983 07/05/2014 C-1 Books